00336pab a2200121 454500008004000000100002200040245008600062260000900148300001500157362001200172650001200184773001800196180718b2013 xxu||||| |||| 00| 0 eng d aSooryamoorthy, R. aMicrocredit, self-help groups and NGOs in the alleviation of poverty: An overview c2013 ap.165-179. aApr-Jun aPoverty aSocial Action